Metropolitan kano: twenty year development plan 1963-1983 (Record no. 416774)

000 -LEADER
fixed length control field 00312cam a22000977a 4500
008 - FIXED-LENGTH DATA ELEMENTS--GENERAL INFORMATION
fixed length control field 180718b1967 xxu||||| |||| 00| 0 eng d
082 ## - DEWEY DECIMAL CLASSIFICATION NUMBER
Classification number J7x6695 T728 2
100 ## - MAIN ENTRY--PERSONAL NAME
Personal name Trevalion, B. A. W.
245 ## - TITLE STATEMENT
Title Metropolitan kano: twenty year development plan 1963-1983
Statement of responsibility, etc. by B. A. W. Trevalion
260 ## - PUBLICATION, DISTRIBUTION, ETC.
Place of publication, distribution, etc. London
Name of publisher, distributor, etc. Pergamon
Date of publication, distribution, etc. 1967
Holdings
Withdrawn status Lost status Damaged status Not for loan Permanent Location Current Location Date acquired Full call number Barcode Date last seen Price effective from Koha item type
        Indian Institute of Public Administration Indian Institute of Public Administration 2009-03-18 J7x6695 T728 2 DA916 2018-07-21 2018-07-21 DA

Powered by Koha